Movies Quiz

Random Movies or Letter Quiz

Last 25 Years: 'P' Movies Quiz Stats

 Plays Quiz Updated Jan 1, 2019

Challenge
Share
Tweet
Score 0/25 Timer 08:00
7 Plays Today
% Correct
Peter Rabbit
94.6%
The Peanuts Movie
92.7%
Pirates of the Caribbean: The Curse of the Black Pearl
92%
The Polar Express
91.1%
Pocahontas
86.8%
Pulp Fiction
84.9%
The Pianist
77.8%
The Pursuit of Happyness
77.4%
Paranormal Activity
68.4%
Paul
62.9%
Prince of Persia: The Sands of Time
61.7%
Pride & Prejudice
59.7%
Pineapple Express
59.6%
% Correct
The Patriot
58.6%
Pacific Rim
54.2%
The Perks of Being a Wallflower
51.9%
Pleasantville
51.4%
Passengers
50.2%
Public Enemies
47.2%
The Postman
35.6%
Payback
32.7%
Primal Fear
25%
The Post
16.3%
The Pledge
7.2%
Predestination
6.6%

You're not logged in!

Compare scores with friends on all Sporcle quizzes.
OR
Log In

You Might Also Like...

Show Comments

Extras

Top Quizzes Today


Score Distribution

Your Account Isn't Verified!

In order to create a playlist on Sporcle, you need to verify the email address you used during registration. Go to your Sporcle Settings to finish the process.

Report this User

Report this user for behavior that violates our Community Guidelines.

Details: